00331nam a2200121Ia 450000500170000000800410001708200130005810000170007124500220008826000650011030000130017550000210018820250322133438.0240331s9999 xx 000 0 und d bMAHa894 aMahendran, K 0aThoovanam kavanam aTellappalaibLyceum of Literary and Aesthetic Studiesc1988 a152 p ., aA novel in Tamil